Loading...
| History - European History | 3 | 3 | 0 | 1 | 75 | 12 | 75.33 | 2 | 5 |
| Beliefs | 2 | 4 | 0 | 2 | 70 | 27 | 97.83 | 1 | 5 |
| History - World History | 3 | 1 | 1 | 0 | 50 | 51 | 62.50 | 3 | 4 |
| Science - Chemistry | 1 | 3 | 0 | 1 | 45 | 45 | 88.50 | 1 | 3 |
| British and Commonwealth History | 2 | 0 | 0 | 0 | 30 | 43 | 43.50 | 1 | 2 |
| Chemistry> | 1 | 1 | 0 | 0 | 25 | 65 | 76.50 | 1 | 2 |
| World and Other Literature | 0 | 2 | 0 | 1 | 20 | 105 | 106.00 | 0 | 2 |
| Philosophy | 1 | 0 | 0 | 0 | 15 | 63 | 63.00 | 1 | 1 |
| History - American History | 0 | 2 | 1 | 0 | 15 | 100 | 105.00 | 0 | 2 |
| Other Academic | 0 | 1 | 0 | 0 | 10 | 79 | 79.00 | 0 | 1 |
| Other Arts: Visual | 0 | 1 | 0 | 0 | 10 | 82 | 82.00 | 0 | 1 |
| Social Science | 0 | 1 | 0 | 1 | 10 | 141 | 141.00 | 0 | 0 |
| Literature - British Literature | 0 | 1 | 0 | 0 | 10 | 106 | 106.00 | 1 | 1 |
| Current Events | 0 | 1 | 0 | 0 | 10 | 118 | 118.00 | 1 | 1 |
| Literature - European Literature | 0 | 1 | 0 | 0 | 10 | 106 | 106.00 | 0 | 0 |